000 01048nam a22002057a 4500
999 _c18856
_d18856
005 20251125232910.0
008 s2545 th tha d
020 _a9742292248
040 _aNALT
041 _atha
245 1 0 _aคำอธิบายพระราชบัญญัติว่าด้วยธุรกรรมทางอิเล็กทรอนิกส์ พ.ศ. 2544
260 3 _aกรุงเทพฯ :
_bสำนักงานเลขานุการคณะกรรมการเทคโนโลยีสารสนเทศแห่งชาติ,
_c2545
300 _a207 หน้า :
_b ภาพประกอบ, แผนภูมิ ;
_c 21 ซม.
650 0 4 _aธุรกรรมทางอิเล็กทรอนิกส์ (พ.ร.บ.) -- 2544
850 _aNALT
856 4 0 _uhttps://hdl.handle.net/20.500.14156/449387
_71
942 _cLB
_04
_2lcc
998 _j25
_k นีลวัสน์ อินทรักษา
090 _aKS36.6 ท592ค 2545